00232nam a2200097Ia 4500100001800000654001200018245004700030260003000077082001500107546001200122 aTucker/ Alan  aAlgebra aUnified Introduction to Linear Algebra bMacmillanaNew Yorkc1989 a512.3bPAN aENGLISH